Statistics for Every 50 Cent song that hit the Billboard hot 100

Click here to take the quiz!

General Stats

  • This quiz has been taken 30 times
  • The average score is 13 of 39

Answer Stats

Peak Chart PositionYearSong% Correct
12003In Da Club
90%
12009Candy Shop
90%
1200521 Questions
90%
32005Just A Lil Bit
76%
32003P.I.M.P.
67%
42005How We Do
57%
202005Window Shopper
52%
52007Ayo Technology
52%
32005Disco Inferno
48%
62005Outta Control (Remix)
48%
132003Wanksta
48%
922005Outta Control
48%
22005Hate It Or Love It
43%
202007I Get Money
38%
122006You Don't Know
33%
762003If I Can't
33%
42011Down On Me
29%
682005Hustler's Ambition
29%
272012My Life
29%
12005Crack A Bottle
29%
352006Best Friend
29%
22003Magic Stick
24%
842006Hands Up
19%
282009Baby By Me
19%
442008Get Up
19%
482005So Seductive
14%
322007Straight To The Bank
14%
882005Piggy Bank
14%
952007Still Will
14%
462012Up!
10%
392011Right There
10%
252005Encore
10%
932004Westside Story
10%
532009I Get It In
5%
402007Can't Leave 'Em Alone
5%
752005MJB Da MVP
5%
792012New Day
5%
872011Outlaw
5%
972009The Invitation
5%

Score Distribution

Percentile by Number Answered

Percent of People with Each Score

Your Score History

You have not taken this quiz